Ortografía práctica de la lengua español
Gespeichert in:
| 1. Verfasser: | |
|---|---|
| Format: | Buch |
| Sprache: | Spanisch |
| Veröffentlicht: |
Barcelona
Bibliografía Internacional
2005
|
| Ausgabe: | 1a. ed |
| Schlagworte: | |
| Tags: |
Tag hinzufügen
Keine Tags, Fügen Sie den ersten Tag hinzu!
|
MARC
| LEADER | 00000cam a2200000 a 4500 | ||
|---|---|---|---|
| 001 | UCE3594 | ||
| 003 | CL-VaPUC | ||
| 008 | 140911e20050000sp |||||||||||||||||spa|d | ||
| 020 | |a 9567240140 | ||
| 082 | 0 | 4 | |a 461.52 |b FUE |2 21 |
| 100 | 0 | |a Fuentes de la Corte, Juan Luis |e author |9 576054 | |
| 245 | 1 | 0 | |a Ortografía práctica de la lengua español |
| 250 | |a 1a. ed | ||
| 300 | |a 239 p | ||
| 942 | |c BK | ||
| 945 | |d 20140911 14:25:00 |a arojas | ||
| 260 | |a Barcelona |b Bibliografía Internacional |c 2005 | ||
| 650 | 0 | |a Español |9 255372 | |
| 650 | 7 | |a ORTOGRAFIA DEL ESPAÑOL |2 CL-VaPUC |9 576055 | |
| 650 | 0 | |a Lengua española |9 314728 | |
| 583 | |a last modification |c 20170321 04:39:11 |k Rodrigo Vera | ||
| 999 | |c 356806 |d 356804 | ||